Les clubs qui ont gagné la Ligue des Champions féminines - Statistiques

Statistiques générales
  • Ce quiz a été pris 56 fois
  • Le résultat moyen est 15 sur 24
Statistiques - réponses
Hint Réponse % Correct
2024 Barcelone
98%
2023 Barcelone
98%
2021 Barcelone
98%
2020 Olympique Lyonnais
98%
2019 Olympique Lyonnais
98%
2018 Olympique Lyonnais
98%
2017 Olympique Lyonnais
98%
2016 Olympique Lyonnais
98%
2012 Olympique Lyonnais
98%
2011 Olympique Lyonnais
98%
2025 Arsenal
87%
2007 Arsenal
87%
2022 Olympique Lyonnais
87%
2014 Wolfsburg
72%
2013 Wolfsburg
72%
2015 Francfort
21%
2008 Francfort
21%
2006 Francfort
21%
2002 Francfort
21%
2004 Umea
8%
2003 Umea
8%
2009 Duisbourg
4%
2010 Turbine Potsdam
4%
2005 Turbine Potsdam
4%
Aucun quiz correspondant
Distribution des résultats
% des personnes avec chaque résultat
Percentile par nombre de réponses
Votre historique - résultats
Vous n’avez pas pris ce quiz